Normal view
MARC view
Entry Personal Name
001 - CONTROL NUMBER
- control field: 17663
003 - CONTROL NUMBER IDENTIFIER
- control field: BD-RjUL
005 - DATE AND TIME OF LATEST TRANSACTION
- control field: 20260129114157.0
008 - FIXED-LENGTH DATA ELEMENTS
- fixed length control field: 260129|| aca||aabn | a|a d
040 ## - CATALOGING SOURCE
- Original cataloging agency: BD-RjUL
- Transcribing agency: BD-RjUL
100 ## - HEADING--PERSONAL NAME
- Personal name: Haq, Muhammad Enamul,
- Dates associated with a name: 1906-1982
670 ## - SOURCE DATA FOUND
- Source citation: Work cat.: (BD-RjUL)62868: Muhammad Shahidullah felicitation volume /, c1966